Špilberk Brno

Bibliographic Details
Main Author: Menclová, Dobroslava, 1904-1978 (Author)
Format: Book
Language:Undetermined
PhysicalDescription:10 s.
Published: V Brně Krajské středisko státní památkové péče a ochrany přírody 1968

MARC

LEADER 00000nam a2200000 a 4500
001 vtls001425733
003 SK-MaSNL
005 20260302072523.0
008 240318s1968 xx 0 und
035 |a SNK000380643 
040 |a SNK  |b slo  |c SNK  |e AACR2 
100 1 |a Menclová, Dobroslava,  |d 1904-1978  |4 aut  |9 38099 
245 1 0 |a Špilberk Brno 
260 |a V Brně  |b Krajské středisko státní památkové péče a ochrany přírody  |c 1968 
300 |a 10 s. 
958 |a OND 
999 |c 1156836  |d 1158766 
952 |t P60, <04>, [BOOK], {604}  |a SNK  |b SNK  |y VYP  |7 0  |p 17A0323854  |o snkIE 3646 D1  |0 0  |1 1  |4 0  |d 2001-12-06  |l 0  |r 2005-01-02 00:00:00  |w 2026-02-24